Les 30 meilleurs joueurs de football de 2018 - Statistiques

Statistiques générales
  • Ce quiz a été pris 3 133 fois
  • Le résultat moyen est 19 sur 30
Statistiques - réponses
Hint Réponse % Correct
5 Messi
99%
2 Ronaldo
99%
4 Mbappe
97%
1 Modric
97%
3 Griezmann
89%
12 Neymar
86%
15 Pogba
81%
18 Benzema
79%
7 Varane
78%
11 Kante
74%
6 Salah
72%
9 De Bruyne
71%
29 Lloris
71%
21 Ramos
67%
23 Mane
66%
14 Courtois
64%
13 Suarez
64%
17 Bale
63%
8 Hazard
61%
10 Kane
58%
24 Marcelo
48%
22 Cavani
46%
19 Firmino
39%
16 Aguero
38%
25 Alisson
35%
20 Rakitic
35%
26 Mandzukic
28%
30 Isco
20%
27 Oblak
17%
28 Godin
9%
Aucun quiz correspondant
Distribution des résultats
% des personnes avec chaque résultat
Percentile par nombre de réponses
Votre historique - résultats
Vous n’avez pas pris ce quiz